000 00670nam a2200217Ia 4500
003 OSt
005 20260109102237.0
008 210716s2018 xx 000 0 und d
020 _a9788126577071
040 _cAIMIT LIBRARY
041 _aeng
082 _a621.399
_bMEAP
100 _aMealy, Paul.
_9250826
245 _aVirtual and augmented reality /
_bBy Paul Mealy.
250 _a1st ed.
260 _aNew Delhi :
_bWiley India Pvt Ltd ,
_c2018.
300 _ax,332 p.;
_bPB
_c23 cm.
650 _aExploring the current state of virtual reality
_9250827
650 _aCreating content in virtual and augmented reality
_9250828
942 _2ddc
_cBK
_k621.399 MEAP
999 _c197225
_d197225